000
00226nam a2200097Ia 4500
005
20251222114339.0
008
251222s1900||||xx |||||||||||||| ||spa||
082
_a
DVD0060/R21/1999
245
0
_a
AnalĂzate:Analize That
942
_c
DVD
999
_c
784
_d
784